| 000 | 00000nam 2200000zi 4500 |
| 001 | 9.949113 |
| 003 | CaOODSP |
| 005 | 20250821152724 |
| 006 | m o d f |
| 007 | cr |n||||||||| |
| 008 | 250314e202504 onc o f000 0 eng d |
| 020 | |a9780660764146 |
| 040 | |aCaOODSP|beng|erda|cCaOODSP |
| 043 | |an-cn--- |
| 086 | 1 |aPS4-334/3-2025E-PDF |
| 245 | 00|aWays to protect a red flag applicant's identity. |
| 264 | 1|a[Ottawa] : |bPublic Safety Canada = Sécurité publique Canada, |cApril 2025. |
| 264 | 4|c©2025 |
| 300 | |a1 online resource (2 unnumbered pages) |
| 336 | |atext|btxt|2rdacontent |
| 337 | |acomputer|bc|2rdamedia |
| 338 | |aonline resource|bcr|2rdacarrier |
| 500 | |aIssued also in French under title: Des façons de protéger l'identité d'un demandeur. |
| 650 | 0|aFirearms|xLaw and legislation|zCanada. |
| 710 | 1 |aCanada. |bPublic Safety Canada, |eissuing body. |
| 775 | 08|tDes façons de protéger l'identité d'un demandeur.|w(CaOODSP)9.949114 |
| 856 | 40|qPDF|s206 KB|uhttps://publications.gc.ca/collections/collection_2025/sp-ps/PS4-334-3-2025-eng.pdf |
| 856 | 4 |qHTML|sN/A|uhttps://www.publicsafety.gc.ca/cnt/rsrcs/pblctns/rd-flg-prtctn/index-en.aspx |